Dallas Cowboys All Time Leaders - Statistics

General Stats
  • This quiz has been taken 69 times
  • The average score is 5 of 8
Answer Stats
Stat Num Answer Years % Correct
PassingYards 34,183 Tony Romo 2004-16
100%
RushingYards 17,162 Emmitt Smith 1990-02
98%
Total Points 986 Emmitt Smith 1990-02
98%
Sacks 117.0 DeMarcus Ware 2005-13
78%
ReceivingYards 12,977 Jason Witten 2003-19
78%
Field GoalsMade 186 Dan Bailey 2011-17
43%
Interceptions 52 Mel Renfro 1964-77
35%
Solo Tackles 827 Darren Woodson 1992-03
17%
No matching quizzes found
Score Distribution
Percent of People with Each Score
Percentile by Number Answered
Your Score History
You have not taken this quiz